000 00875nam a2200253 a 4500
001 000016516
005 20200929164925.0
008 100305s1946 sp 000 d spa d
040 _aDO-SdBNP
_bspa
_cBNPHU
082 _a862.3
_bC146c
100 1 _aCalderón de la Barca, Pedro,
_d1600-1681
_95547
245 1 0 _aComedias religiosas /
_cCalderón de la Barca; prólogo y edición de Ángel Valbuena.
260 _aMadrid :
_bEspasa-Calpe,
_c1946.
300 _av. ;
_c18 cm.
490 1 _aClásicos castellanos
_v106
500 _aIncluye notas al pie de las páginas.
505 0 _gv.1.
_tLa devolución de la cruz y el mágico prodigioso.
650 4 _aTeatro español
_93071
650 4 _aLiteratura española
_ySIGLO XVII
_915578
700 1 _aValbuena Prat, Ángel,
_cpról.
_936752
830 0 _aClásicos castellanos ;
_v106
_94180
910 _aWM
049 _aBNPD
999 _c16050
_d16050